Athletics by Picture - 100 m - Statistics

General Stats
  • This quiz has been taken 152 times
    55 since last reset
  • The average score is 9 of 20
Answer Stats
Picture Hint Answer % Correct
JAM - WR holder, Olympic champion 2008, 2012 & 2016, World champion 2009, 2013 & 2015 Usain Bolt
100%
USA - Olympic champion 2024, World champion 2023 Noah Lyles
82%
USA - World champion 2007 Tyson Gay
71%
USA - World champion 2023 Sha'Carri Richardson
65%
USA - Olympic champion 1984 & 1988, World champion 1983, 1987 & 1991 Carl Lewis
63%
USA - Olympic champion 2004, World champion 2005 & 2017 Justin Gatlin
63%
ITA - Olympic champion 2020 Marcell Jacobs
61%
USA - WR holder, Olympic champion 1988 Florence Griffith-Joyner
57%
JAM - Olympic champion 2008 & 2012, World champion 2009, 2013, 2015, 2019 & 2022 Shelly-Ann Fraser-Pryce
53%
LCA - Olympic champion 2024 Julien Alfred
39%
USA - World champion 2025 Melissa Jefferson-Wooden
37%
JAM - Olympic champion 2016 & 2020 Elaine Thompson-Herah
35%
GBR - Olympic champion 1992, World champion 1993 Linford Christie
35%
USA - Olympic champion 2000, World champion 1997, 1999 & 2001 Maurice Greene
29%
CAN - Olympic champion 1996, World champion 1995 Donovan Bailey
27%
USA - World champion 1997 & 1999 Marion Jones
24%
USA - Olympic champion 1992 & 1996 Gail Devers
16%
SKN - World champion 2003 Kim Collins
16%
JAM - World champion 2007 Veronica Campbell-Brown
16%
GER - World champion 1991 Katrin Krabbe
8%
No matching quizzes found
Score Distribution
Percent of People with Each Score
Percentile by Number Answered
Your Score History
You have not taken this quiz since the last reset